[Event "Titled Tuesday intern op 12th Mar Early"]
[Site "Chess.com INT"]
[Date "2024.03.12"]
[Round "1"]
[White "Abdukhakimov, Akbarali"]
[Black "Firouzja, Alireza"]
[Result "0-1"]
[WhiteElo "2329"]
[BlackElo "2760"]
[PlyCount "86"]
[EventDate "2024.03.12"]
[EventType "swiss (blitz)"]
[EventRounds "11"]
[EventCountry "USA"]
[SourceTitle "CB12_2024"]
[SourceDate "2023.10.01"]
[SourceVersion "1"]
[SourceVersionDate "2023.10.01"]
[SourceQuality "1"]

1. d4 Nf6 2. c4 g6 3. Nc3 Bg7 4. e4 d6 5. Be2 0-0 6. Be3 Na6 7. Nf3 e5 8. 0-0 c6 9. Re1 Ng4 10. Bg5 Qa5 11. d5 Qb6 12. Bh4 Qxb2 13. Na4 Qb4 14. a3 Qa5 15. Be7 Re8 16. Bxd6 c5 17. h3 Nh6 18. Rb1 Bd7 19. Rb5 Bxb5 20. cxb5 Nc7 21. Bxc5 Bf8 22. Bxf8 Kxf8 23. Nc5 Qxa3 24. Nxe5 Qb2 25. Ned3 Qd4 26. Qc1 Kg7 27. Nb3 Qb6 28. Qc3+ f6 29. Ndc5 Rac8 30. Qb4 Qd6 31. Qd4 b6 32. Nb7 Qd7 33. d6 Ne6 34. Qd5 Nf4 35. Qd2 Nxe2+ 36. Rxe2 Rb8 37. N7c5 bxc5 38. Nxc5 Qxb5 39. d7 Qxc5 40. dxe8Q Rxe8 41. Qd7+ Re7 42. Qa4 Nf7 43. Rc2 Qe5 0-1

[Event "Titled Tuesday intern op 12th Mar Early"]
[Site "Chess.com INT"]
[Date "2024.03.12"]
[Round "10"]
[White "Abdukhakimov, Akbarali"]
[Black "Vaz, Ethan"]
[Result "1-0"]
[WhiteElo "2329"]
[BlackElo "2409"]
[PlyCount "165"]
[EventDate "2024.03.12"]
[EventType "swiss (blitz)"]
[EventRounds "11"]
[EventCountry "USA"]
[SourceTitle "CB12_2024"]
[SourceDate "2023.10.01"]
[SourceVersion "1"]
[SourceVersionDate "2023.10.01"]
[SourceQuality "1"]

1. d4 Nf6 2. c4 e6 3. Nc3 d5 4. cxd5 exd5 5. Bg5 Be7 6. e3 h6 7. Bh4 0-0 8. Bd3 c6 9. Qc2 Nbd7 10. Nf3 Re8 11. 0-0 Nh5 12. Bxe7 Qxe7 13. Rab1 Nhf6 14. b4 a6 15. a4 a5 16. b5 c5 17. dxc5 Nxc5 18. Nd4 Bd7 19. Rfd1 Rac8 20. Rbc1 Qe5 21. Qa2 Nxd3 22. Rxd3 Rc4 23. Nce2 Rxc1+ 24. Nxc1 Rc8 25. Nce2 Rc4 26. h3 Qc7 27. Rd2 Ne4 28. Rc2 Qc5 29. f3 Nd6 30. Kf2 Qb4 31. Rxc4 Nxc4 32. Qb3 Qc5 33. Qc3 Qd6 34. Nf4 b6 35. Nde2 Qc5 36. Qd4 Qxd4 37. exd4 Nb2 38. Nc3 Be6 39. Ke3 Kf8 40. Kd2 Ke8 41. Kc2 Nc4 42. Nfxd5 Kd7 43. Kd3 Nb2+ 44. Ke4 Nc4 45. f4 f5+ 46. Kd3 Kd6 47. Kxc4 Bf7 48. g4 g6 49. gxf5 gxf5 50. h4 h5 51. Kd3 Bxd5 52. Ne2 Be4+ 53. Kc4 Bd5+ 54. Kc3 Bf3 55. Ng3 Ke6 56. Kd3 Bg4 57. Kc4 Bf3 58. Kc3 Bg4 59. Kd3 Bf3 60. Kc3 Bg4 61. Nf1 Bf3 62. Ne3 Be4 63. Kc4 Kd7 64. d5 Kd6 65. Kd4 Bb1 66. Nc4+ Kc7 67. d6+ Kb7 68. Ke5 Bc2 69. Nb2 Bb3 70. Kxf5 Kc8 71. Ke5 Kd7 72. f5 Bc2 73. f6 Ke8 74. Nc4 Bxa4 75. Nxb6 Bxb5 76. Ke6 a4 77. f7+ Kf8 78. d7 Bxd7+ 79. Nxd7+ Kg7 80. f8Q+ Kg6 81. Ne5+ Kh7 82. Qf7+ Kh6 83. Qg6# 1-0

[Event "Titled Tuesday intern op 12th Mar Early"]
[Site "Chess.com INT"]
[Date "2024.03.12"]
[Round "7"]
[White "Abdukhakimov, Akbarali"]
[Black "Yuan, Qingyu"]
[Result "0-1"]
[WhiteElo "2329"]
[BlackElo "2360"]
[PlyCount "94"]
[EventDate "2024.03.12"]
[EventType "swiss (blitz)"]
[EventRounds "11"]
[EventCountry "USA"]
[SourceTitle "CB12_2024"]
[SourceDate "2023.10.01"]
[SourceVersion "1"]
[SourceVersionDate "2023.10.01"]
[SourceQuality "1"]

1. d4 g6 2. c4 Bg7 3. Nc3 c5 4. d5 Bxc3+ 5. bxc3 f5 6. h4 Nf6 7. h5 Nxh5 8. e4 0-0 9. exf5 Rxf5 10. g4 Re5+ 11. Be2 Nf6 12. f4 Re4 13. g5 Nh5 14. Qd3 Rxe2+ 15. Nxe2 d6 16. Rxh5 Bf5 17. Qe3 gxh5 18. Ng3 Bg4 19. f5 Nd7 20. Qe6+ Kh8 21. g6 Ne5 22. g7+ Kxg7 23. Bh6+ Kh8 24. Kd2 Qd7 25. Qxd7 Nxd7 26. Re1 Ne5 27. Re4 Re8 28. Nf1 Kg8 29. Ne3 Kf7 30. Bf4 Bf3 31. Rxe5 dxe5 32. Bxe5 Rg8 33. Ke1 h4 34. Kf2 Be4 35. Bc7 h3 36. Bg3 h5 37. Bh2 Rg5 38. Bf4 Rg8 39. Bh2 Kf6 40. Bg3 b6 41. Bh4+ Kf7 42. Bg3 Rg7 43. Be5 Rg5 44. Bf4 Rg8 45. Be5 a6 46. a4 h4 47. Bc7 Kf6 0-1

[Event "Titled Tuesday intern op 12th Mar Early"]
[Site "Chess.com INT"]
[Date "2024.03.12"]
[Round "9"]
[White "Peyrer, Konstantin"]
[Black "Abdukhakimov, Akbarali"]
[Result "0-1"]
[WhiteElo "2434"]
[BlackElo "2329"]
[PlyCount "64"]
[EventDate "2024.03.12"]
[EventType "swiss (blitz)"]
[EventRounds "11"]
[EventCountry "USA"]
[SourceTitle "CB12_2024"]
[SourceDate "2023.10.01"]
[SourceVersion "1"]
[SourceVersionDate "2023.10.01"]
[SourceQuality "1"]

1. d4 d5 2. c4 e6 3. Nf3 c6 4. g3 dxc4 5. Bg2 b5 6. 0-0 Bb7 7. a4 Nf6 8. Ne5 a6 9. b3 cxb3 10. Qxb3 b4 11. Bb2 a5 12. Rc1 Ra6 13. Nd2 Be7 14. Nd3 Nbd7 15. Nc4 0-0 16. Rc2 Qa8 17. Nce5 Rc8 18. Nc5 Nxc5 19. dxc5 Rd8 20. Rc4 Qc8 21. Nd3 Ra7 22. Rh4 Ba6 23. Ne5 Nd5 24. Qc2 Bxh4 25. gxh4 f6 26. Nf3 Nf4 27. Bf1 e5 28. Qe4 Rad7 29. Nxe5 fxe5 30. Qxe5 Rf7 31. f3 Re8 32. Qg5 Bxe2 0-1

[Event "Moscow Aeroflot op-A"]
[Site "Moscow"]
[Date "2024.03.05"]
[Round "6"]
[White "Abdukhakimov, Akbarali"]
[Black "Ivanov, Oleg V"]
[Result "1/2-1/2"]
[WhiteElo "2329"]
[BlackElo "2423"]
[PlyCount "80"]
[EventDate "2024.03.03"]
[EventType "swiss"]
[EventRounds "9"]
[EventCountry "RUS"]
[SourceTitle "CB11_2024"]
[SourceDate "2024.03.13"]
[SourceVersion "1"]
[SourceVersionDate "2024.03.13"]
[SourceQuality "1"]

1. d4 Nf6 2. c4 c6 3. Nc3 d5 4. Nf3 dxc4 5. a4 Bf5 6. Ne5 Nbd7 7. Nxc4 Qc7 8. g3 e5 9. dxe5 Nxe5 10. Bf4 Nfd7 11. Bg2 g5 12. Ne3 gxf4 13. Nxf5 0-0-0 14. Qc2 fxg3 15. hxg3 Nf6 16. a5 a6 17. Ra4 Bc5 18. Ne4 Nxe4 19. Bxe4 Ba7 20. Qc3 h5 21. e3 Ng6 22. Ke2 Ne7 23. Nxe7+ Qxe7 24. Rc1 Rh6 25. Rc4 Rdd6 26. Bf5+ Kb8 27. Re4 Qd8 28. Rh1 Rd5 29. g4 Ka8 30. Qg7 Rd2+ 31. Kf1 Rd1+ 32. Kg2 Rxh1 33. Qxh6 Qh4 34. Re8+ Bb8 35. Rxb8+ Kxb8 36. Qf8+ Ka7 37. Qc5+ Ka8 38. Qf8+ Ka7 39. Qc5+ Ka8 40. Qf8+ Ka7 1/2-1/2

[Event "Moscow Aeroflot op-A"]
[Site "Moscow"]
[Date "2024.03.05"]
[Round "5"]
[White "Obgolts, Erik"]
[Black "Abdukhakimov, Akbarali"]
[Result "1/2-1/2"]
[WhiteElo "2420"]
[BlackElo "2329"]
[PlyCount "137"]
[EventDate "2024.03.03"]
[EventType "swiss"]
[EventRounds "9"]
[EventCountry "RUS"]
[SourceTitle "CB11_2024"]
[SourceDate "2024.03.13"]
[SourceVersion "1"]
[SourceVersionDate "2024.03.13"]
[SourceQuality "1"]

1. Nf3 d5 2. d4 e6 3. Bf4 Nf6 4. Nbd2 Bd6 5. Bg3 0-0 6. e3 c5 7. c3 Nc6 8. Bd3 b6 9. Qe2 Bb7 10. Rd1 c4 11. Bc2 Ne7 12. e4 dxe4 13. Nxe4 Nxe4 14. Bxe4 Bxe4 15. Qxe4 Nd5 16. Be5 Re8 17. h4 f6 18. Bxd6 Qxd6 19. g3 b5 20. 0-0 a5 21. Rc1 Rec8 22. Rfe1 Ra6 23. Nd2 Rac6 24. Qf3 f5 25. Re5 b4 26. Nf1 a4 27. Rce1 Qd7 28. a3 bxc3 29. bxc3 Rb8 30. Ne3 Nxc3 31. Nxf5 exf5 32. Qxc3 Rcc8 33. Re6 Qd5 34. R6e5 Qd7 35. Rc5 Rxc5 36. dxc5 Qd5 37. Rc1 Qxc5 38. Qxc4+ Qxc4 39. Rxc4 Ra8 40. Rc5 Rd8 41. Rc4 Ra8 42. Kg2 Kf7 43. Kf3 Kf6 44. Ke3 Ke5 45. Kd3 Kd5 46. Rb4 Ra7 47. f3 g6 48. Ke3 Ke5 49. Rb5+ Kf6 50. Kf4 Ra6 51. g4 fxg4 52. fxg4 h6 53. g5+ hxg5+ 54. hxg5+ Ke6 55. Ke4 Rc6 56. Kd4 Rc1 57. Re5+ Kd6 58. Ra5 Rg1 59. Ra6+ Ke7 60. Rxg6 Kf7 61. Rf6+ Kg7 62. Rf3 Rxg5 63. Kc4 Rg4+ 64. Kb5 Re4 65. Ka5 Kg8 66. Rf5 Kg7 67. Rb5 Kf7 68. Rb4 Rxb4 69. Kxb4 1/2-1/2

[Event "Sant Boi de Llobregat op 4th"]
[Site "Sant Boi de Llobregat"]
[Date "2023.12.07"]
[Round "8"]
[White "Heimann, Mark A"]
[Black "Abdukhakimov, Akbarali"]
[Result "0-1"]
[WhiteElo "2453"]
[BlackElo "2089"]
[PlyCount "66"]
[EventDate "2023.11.30"]
[EventType "swiss"]
[EventRounds "9"]
[EventCountry "ESP"]
[SourceTitle "CB50_2023"]
[SourceDate "2023.12.13"]
[SourceVersion "1"]
[SourceVersionDate "2023.12.13"]
[SourceQuality "1"]

1. Nf3 d5 2. e3 c6 3. c4 e6 4. Nc3 Bd6 5. d4 f5 6. g4 Nf6 7. gxf5 exf5 8. Qb3 0-0 9. cxd5 cxd5 10. Nxd5 Nxd5 11. Qxd5+ Kh8 12. Bd2 Qe7 13. Bc4 Bd7 14. Ne5 Be8 15. Qe6 Qc7 16. Be2 Nc6 17. Nc4 Rf6 18. Qd5 Nb4 19. Bxb4 Bxb4+ 20. Kd1 Rc8 21. Qe5 Qc6 22. Rg1 Bf7 23. b3 b5 24. a3 bxc4 25. axb4 cxb3 26. Qc5 b2 27. Kd2 bxa1Q 28. Rxa1 Qe8 29. Qxa7 f4 30. Ra5 fxe3+ 31. fxe3 Qe4 32. Rc5 Ra8 33. Re5 Qh1 0-1

[Event "Agzamov Memorial 16th"]
[Site "Tashkent"]
[Date "2023.04.07"]
[Round "4"]
[White "Begmuratov, Khumoyun"]
[Black "Abdukhakimov, Akbarali"]
[Result "1/2-1/2"]
[WhiteElo "2400"]
[BlackElo "1865"]
[PlyCount "128"]
[EventDate "2023.04.05"]
[EventType "swiss"]
[EventRounds "10"]
[EventCountry "UZB"]
[SourceTitle "CBM 213 Extra"]
[Source "ChessBase"]
[SourceDate "2023.05.31"]
[SourceVersion "1"]
[SourceVersionDate "2023.05.31"]
[SourceQuality "1"]

1. e4 c5 2. Nf3 d6 3. d4 cxd4 4. Nxd4 Nf6 5. Bd3 e5 6. Nf3 Nbd7 7. c4 b5 8. cxb5 d5 9. 0-0 dxe4 10. Bxe4 Nxe4 11. Qd5 Rb8 12. Nxe5 Qe7 13. Nc6 Qe6 14. Qxe6+ fxe6 15. Nxb8 Nxb8 16. Be3 a6 17. Rc1 Kd7 18. Nc3 Nxc3 19. Rxc3 Bb7 20. Bf4 Bd6 21. Bxd6 Kxd6 22. bxa6 Nxa6 23. Rac1 Bd5 24. a3 Rb8 25. b4 Rb7 26. Rc8 g6 27. f3 Nb8 28. R8c3 Nc6 29. Kf2 Nd4 30. Rd3 e5 31. Rc5 g5 32. Ke1 h5 33. h3 Rg7 34. Kd1 g4 35. hxg4 hxg4 36. f4 Rf7 37. fxe5+ Kxe5 38. Ke1 Ke4 39. Rg3 Rf4 40. b5 Nf5 41. Rgc3 Kd4 42. b6 Nd6 43. a4 Rf8 44. a5 Bc4 45. R3xc4+ Nxc4 46. Rb5 Rb8 47. Kf2 Nxa5 48. Rxa5 Rxb6 49. Kg3 Rb2 50. Rg5 Ke4 51. Rxg4+ Kf5 52. Kh4 Rb1 53. Kh5 Rh1+ 54. Rh4 Rg1 55. Rh2 Kf4 56. Kh4 Kf5 57. g3 Kg6 58. Rd2 Rb1 59. Rd6+ Kg7 60. Re6 Rb5 61. g4 Rd5 62. Kg3 Rb5 63. Kf4 Ra5 64. Re5 Rxe5 1/2-1/2

[Event "World ol U16"]
[Site "Nakhchivan"]
[Date "2022.10.08"]
[Round "7.4"]
[White "Abdukhakimov, Akbarali"]
[Black "Hernandez Izquierdo, Jose A"]
[Result "1-0"]
[WhiteElo "1815"]
[BlackElo "2140"]
[PlyCount "77"]
[EventDate "2022.10.02"]
[EventType "team-swiss"]
[EventRounds "9"]
[EventCountry "AZE"]
[SourceTitle "CBM 210 Extra"]
[Source "ChessBase"]
[SourceDate "2022.11.30"]
[SourceVersion "1"]
[SourceVersionDate "2022.11.30"]
[SourceQuality "1"]
[WhiteTeam "Uzbekistan II"]
[BlackTeam "Cuba"]
[WhiteTeamCountry "UZB"]
[BlackTeamCountry "CUB"]

1. e4 c5 2. Nc3 e6 3. Nge2 Nc6 4. g3 a6 5. Bg2 g6 6. d4 cxd4 7. Nxd4 Bg7 8. Nxc6 bxc6 9. Qd6 Qe7 10. Qd3 Nf6 11. e5 Nd5 12. f4 d6 13. exd6 Qxd6 14. Ne4 Qe7 15. c4 0-0 16. 0-0 Nb4 17. Qe2 a5 18. Be3 Na6 19. Rad1 Bb7 20. Qf2 Rfd8 21. Bb6 Rxd1 22. Rxd1 c5 23. Nxc5 Bxg2 24. Qxg2 Rb8 25. Nd7 Re8 26. Qb7 e5 27. fxe5 Nb4 28. Bc5 Qe6 29. Bxb4 axb4 30. Qd5 Qg4 31. Rf1 Rd8 32. Qxf7+ Kh8 33. e6 Bd4+ 34. Kh1 Qe4+ 35. Rf3 Bg7 36. e7 Qe1+ 37. Kg2 Qe2+ 38. Kh3 Rg8 39. Qxg8+ 1-0

[Event "World ol U16"]
[Site "Nakhchivan"]
[Date "2022.10.07"]
[Round "6.7"]
[White "Abdukhakimov, Akbarali"]
[Black "Camlar, Arda"]
[Result "1-0"]
[WhiteElo "1815"]
[BlackElo "2322"]
[PlyCount "67"]
[EventDate "2022.10.02"]
[EventType "team-swiss"]
[EventRounds "9"]
[EventCountry "AZE"]
[SourceTitle "CBM 210 Extra"]
[Source "ChessBase"]
[SourceDate "2022.11.30"]
[SourceVersion "1"]
[SourceVersionDate "2022.11.30"]
[SourceQuality "1"]
[WhiteTeam "Uzbekistan II"]
[BlackTeam "Turkey White"]
[WhiteTeamCountry "UZB"]
[BlackTeamCountry "TUR"]

1. d4 Nf6 2. c4 g6 3. Nc3 Bg7 4. e4 d6 5. f3 0-0 6. Be3 Nc6 7. Nge2 a6 8. Qd2 Na5 9. Nc1 Nd7 10. b4 Nc6 11. Rb1 e5 12. d5 Nd4 13. N1e2 a5 14. a3 axb4 15. axb4 f5 16. Nxd4 exd4 17. Bxd4 Bxd4 18. Qxd4 Ne5 19. Be2 Qf6 20. Rd1 fxe4 21. Nxe4 Qh4+ 22. Qf2 Qh6 23. Qd4 Qh4+ 24. Qf2 Qh6 25. Qd4 Ra2 26. Rd2 Qh4+ 27. g3 Rxd2 28. Kxd2 Qh3 29. f4 Qg2 30. fxe5 dxe5 31. Qxe5 Qxh1 32. Nf6+ Kf7 33. Nxh7 Re8 34. Ng5+ 1-0

[Event "World ol U16"]
[Site "Nakhchivan"]
[Date "2022.10.06"]
[Round "5.10"]
[White "Manon, Reja Neer"]
[Black "Abdukhakimov, Akbarali"]
[Result "1/2-1/2"]
[WhiteElo "2107"]
[BlackElo "1815"]
[PlyCount "77"]
[EventDate "2022.10.02"]
[EventType "team-swiss"]
[EventRounds "9"]
[EventCountry "AZE"]
[SourceTitle "CBM 210 Extra"]
[Source "ChessBase"]
[SourceDate "2022.11.30"]
[SourceVersion "1"]
[SourceVersionDate "2022.11.30"]
[SourceQuality "1"]
[WhiteTeam "Bangladesh"]
[BlackTeam "Uzbekistan II"]
[WhiteTeamCountry "BAN"]
[BlackTeamCountry "UZB"]

1. e4 c5 2. Nf3 d6 3. d4 cxd4 4. Nxd4 Nf6 5. Nc3 a6 6. Be2 e5 7. Nb3 Be7 8. Be3 Be6 9. 0-0 0-0 10. Qd2 b5 11. f3 Nbd7 12. a4 b4 13. Nd5 Bxd5 14. exd5 Nb6 15. Bxb6 Qxb6+ 16. Kh1 Rfc8 17. Rfd1 Nd7 18. a5 Qb7 19. Ra4 Rab8 20. Bd3 Nc5 21. Nxc5 Rxc5 22. b3 Bd8 23. Qe2 Rxa5 24. Rxa5 Bxa5 25. Qe4 g6 26. Ra1 Bd8 27. Rxa6 Ra8 28. Rxa8 Qxa8 29. Qe1 Qa7 30. g4 Qd4 31. Kg2 Bg5 32. Be4 Kg7 33. Qe2 Qc3 34. Qd3 Qa1 35. Qf1 Qa7 36. Qd1 Be3 37. Qe2 Bc5 38. Qe1 Qa2 39. Qc1 1/2-1/2

[Event "World ol U16"]
[Site "Nakhchivan"]
[Date "2022.10.04"]
[Round "3.7"]
[White "Abdukhakimov, Akbarali"]
[Black "Zacarias Rodriguez, Santiago"]
[Result "1-0"]
[WhiteElo "1815"]
[BlackElo "2091"]
[PlyCount "65"]
[EventDate "2022.10.02"]
[EventType "team-swiss"]
[EventRounds "9"]
[EventCountry "AZE"]
[SourceTitle "CBM 210 Extra"]
[Source "ChessBase"]
[SourceDate "2022.11.30"]
[SourceVersion "1"]
[SourceVersionDate "2022.11.30"]
[SourceQuality "1"]
[WhiteTeam "Uzbekistan II"]
[BlackTeam "Mexico"]
[WhiteTeamCountry "UZB"]
[BlackTeamCountry "MEX"]

1. d4 Nf6 2. c4 c5 3. d5 g6 4. Nc3 Bg7 5. e4 d6 6. Bd3 0-0 7. Nge2 e6 8. 0-0 exd5 9. exd5 Re8 10. h3 a6 11. a4 Nbd7 12. f4 Nh5 13. g4 Qh4 14. Rf3 Ndf6 15. gxh5 Bxh3 16. hxg6 Nh5 17. gxf7+ Kxf7 18. Ne4 Rxe4 19. Rxh3 Bd4+ 20. Kh2 Qf2+ 21. Kh1 Rxe2 22. Bxe2 Ng3+ 23. Rxg3 Qxg3 24. Bh5+ Kf6 25. Qg4 Qe1+ 26. Kh2 Bg1+ 27. Kh3 Qf1+ 28. Qg2 Qd3+ 29. Qf3 Qf5+ 30. Bg4 Qg6 31. f5 Qg7 32. Be3 Bxe3 33. Qxe3 1-0